बसंती (Record no. 153268)

MARC details
000 -LEADER
fixed length control field 01042nam a22002657a 4500
003 - CONTROL NUMBER IDENTIFIER
control field dpl
005 - DATE AND TIME OF LATEST TRANSACTION
control field 20180702135044.0
008 - FIXED-LENGTH DATA ELEMENTS--GENERAL INFORMATION
fixed length control field 180702b xxu||||| |||| 00| 0 eng d
010 ## - LIBRARY OF CONGRESS CONTROL NUMBER
LC control number RC-025863
020 ## - INTERNATIONAL STANDARD BOOK NUMBER
Terms of availability 25.00
035 ## - SYSTEM CONTROL NUMBER
System control number RC-025863
037 ## - SOURCE OF ACQUISITION
Source of stock number/acquisition BPPD/PUB
040 ## - CATALOGING SOURCE
Original cataloging agency DPL
Language of cataloging HN
Transcribing agency 0
082 ## - DEWEY DECIMAL CLASSIFICATION NUMBER
Classification number
Item number साहनी
100 ## - MAIN ENTRY--PERSONAL NAME
Personal name साहनी, भीष्म
245 ## - TITLE STATEMENT
Title बसंती
Statement of responsibility, etc भीष्म साहनी
260 ## - PUBLICATION, DISTRIBUTION, ETC. (IMPRINT)
Place of publication, distribution, etc नयी दिल्ली
Date of publication, distribution, etc 1980
Name of publisher, distributor, etc राजकमल प्रकाशन प्राइवेट लिमिटेड,
270 ## - ADDRESS
City नयी दिल्ली
Address 8, नेताजी सुभाष मार्ग,
Postal code 110032
300 ## - PHYSICAL DESCRIPTION
Extent 166पृ.
Dimensions 23सेमी(सजिल्द )
650 ## - SUBJECT ADDED ENTRY--TOPICAL TERM
Topical term or geographic name as entry element रूसी साहित्य
9 (RLIN) 71113
650 ## - SUBJECT ADDED ENTRY--TOPICAL TERM
Topical term or geographic name as entry element रूसी साहित्य
General subdivision उपन्यास
9 (RLIN) 71114
650 ## - SUBJECT ADDED ENTRY--TOPICAL TERM
Topical term or geographic name as entry element Russian literature
9 (RLIN) 71115
650 ## - SUBJECT ADDED ENTRY--TOPICAL TERM
Topical term or geographic name as entry element Russian literature
General subdivision fiction
9 (RLIN) 71116
942 ## - ADDED ENTRY ELEMENTS (KOHA)
Source of classification or shelving scheme Dewey Decimal Classification
Koha item type Hindi Books
Classification part
Call number suffix साहनी
Holdings
Withdrawn status Lost status Source of classification or shelving scheme Damaged status Not for loan Collection code Home library Current library Date acquired Source of acquisition Cost, normal purchase price Total Checkouts Full call number Barcode Date last seen Cost, replacement price Price effective from Koha item type
    Dewey Decimal Classification     Fiction Shahdara Branch Shahdara Branch 02/07/2018 BPPD/PUB 25.00   उ साहनी RC-025863 02/07/2018 25.00 02/07/2018 Hindi Books

© Delhi Public Library
Hit Counter
free hit counter